[Event "Elit(LASK-Skara)"]
[Site "?"]
[Date "2006.??.??"]
[Round "6"]
[White "Friberg, Hans"]
[Black "Lund, Esben"]
[Result "1/2-1/2"]
[WhiteElo "2254"]
[BlackElo "2340"]
[PlyCount "141"]
[EventDate "2006.??.??"]

1. Nf3 Nf6 2. c4 c5 3. g3 b6 4. Bg2 Bb7 5. O-O e6 6. Nc3 d6 7. Re1 Be7 8. e4 a6
9. d4 cxd4 10. Nxd4 Qc7 11. Be3 O-O 12. Rc1 Re8 13. f4 Nbd7 14. b3 Bf8 15. Bf2
Rac8 16. g4 e5 17. Nc2 h5 18. g5 Ng4 19. f5 d5 20. Nxd5 Bxd5 21. cxd5 Bc5 22.
Ne3 Nxe3 23. Rxe3 Bxe3 24. Rxc7 Bxf2+ 25. Kxf2 Rxc7 26. Ke2 Rec8 27. Kd2 Rc3
28. Bf1 b5 29. Bd3 b4 30. Qxh5 Rc1 31. Bc4 Ra1 32. d6 Rxc4 33. bxc4 Rxa2+ 34.
Kc1 b3 35. Kb1 Rd2 36. g6 Nf6 37. gxf7+ Kf8 38. Qh8+ Kxf7 39. Qd8 Nxe4 40. Qe7+
Kg8 41. Qd8+ Kf7 42. Qe7+ Kg8 43. Qxe5 Nxd6 44. Qe1 Nxc4 45. Qe6+ Kh7 46. Qxc4
Rd6 47. Qxb3 Rh6 48. Qc2 Kg8 49. Qc4+ Kh7 50. Qc2 Kg8 51. Kc1 Kf7 52. Qe4 Kg8
53. Kd1 Kf7 54. Qe5 Kg8 55. Ke2 Kh7 56. Kf3 Kg8 57. Kg4 Kf7 58. h4 Rf6 59. Kg5
Rh6 60. Qc7+ Kf8 61. Qd8+ Kf7 62. Kf4 Rf6 63. Ke5 Rh6 64. Qd5+ Kf8 65. Qd7 Rf6
66. Kf4 Rh6 67. Kg5 Rf6 68. h5 Rh6 69. Qd4 Kf7 70. Qc4+ Kf8 71. Qc8+ 1/2-1/2

[Event "Elit(LASK-Skara)"]
[Site "?"]
[Date "2006.??.??"]
[Round "6"]
[White "Bern, Baldvin"]
[Black "Andersson, Goran"]
[Result "0-1"]
[WhiteElo "2246"]
[BlackElo "2236"]
[PlyCount "76"]
[EventDate "2006.??.??"]

1. d4 Nf6 2. Nf3 g6 3. Nc3 d5 4. Bf4 Bg7 5. e3 Bf5 6. Bd3 e6 7. h3 h6 8. Ne5 a6
9. g4 Bxd3 10. Qxd3 Nbd7 11. b4 c6 12. f3 Qe7 13. Kf2 Nxe5 14. Bxe5 Qxb4 15.
Rab1 Qe7 16. Rb6 O-O 17. h4 Ne8 18. Bxg7 Kxg7 19. h5 f5 20. hxg6 fxg4 21. f4
Nd6 22. Rbb1 Qg5 23. Ne2 Qxg6 24. Rh4 Ne4+ 25. Kg2 b5 26. Ng3 Nxg3 27. Kxg3 h5
28. Rbh1 Rh8 29. Qc3 Qe4 30. Rf1 Rac8 31. Qa3 b4 32. Qxb4 Qxe3+ 33. Kg2 c5 34.
Qb7+ Kf6 35. f5 Qe4+ 36. Kg3 exf5 37. Qxa6+ Kg5 38. Kh2 cxd4 0-1

[Event "Elit(LASK-Skara)"]
[Site "?"]
[Date "2006.??.??"]
[Round "6"]
[White "Svensson, Sven"]
[Black "Johnson, Bjorn"]
[Result "1/2-1/2"]
[WhiteElo "2275"]
[BlackElo "2281"]
[PlyCount "38"]
[EventDate "2006.??.??"]

1. d4 e6 2. c4 f5 3. Nf3 Nf6 4. g3 d5 5. Bg2 c6 6. O-O Bd6 7. b3 Qe7 8. a4 a5
9. Ba3 Bxa3 10. Nxa3 b6 11. Ne5 Bb7 12. Qc2 O-O 13. e3 Na6 14. cxd5 cxd5 15.
Rfc1 Rac8 16. Qb2 Nb4 17. Rxc8 Rxc8 18. Rc1 Nc6 19. Nd3 Ba6 1/2-1/2

[Event "Elit(Rockaden-SodraSASS)"]
[Site "?"]
[Date "2006.??.??"]
[Round "6"]
[White "Kulaots, Kaido"]
[Black "Nielsen, Peter Heine"]
[Result "1/2-1/2"]
[WhiteElo "2656"]
[BlackElo "2694"]
[PlyCount "76"]
[EventDate "2006.??.??"]

1. e4 e5 2. Nf3 Nc6 3. Bb5 a6 4. Ba4 Nf6 5. O-O b5 6. Bb3 Bc5 7. a4 Rb8 8. c3
O-O 9. d4 Bb6 10. dxe5 Ng4 11. Bf4 Qe8 12. axb5 axb5 13. Na3 Ncxe5 14. Nxe5
Nxe5 15. Nxb5 d6 16. Nd4 Ng6 17. Bg3 Qxe4 18. Re1 Qb7 19. Bc4 Bxd4 20. Qxd4
Qxb2 21. h4 Be6 22. Bxe6 fxe6 23. Qc4 Rf7 24. Qxe6 Qxc3 25. Rac1 Qf6 26. Qd5
Nf4 27. Qc4 Rc8 28. Re3 d5 29. Qc6 Qxc6 30. Rxc6 Rcf8 31. f3 d4 32. Re4 d3 33.
Bxf4 Rxf4 34. Rxf4 Rxf4 35. Rxc7 Rd4 36. Rc1 Rxh4 37. Rc8+ Kf7 38. Rd8 Ra4
1/2-1/2

[Event "Elit(Rockaden-SodraSASS)"]
[Site "?"]
[Date "2006.??.??"]
[Round "6"]
[White "Karlsson, Lars"]
[Black "Akesson, Ralf"]
[Result "0-1"]
[WhiteElo "2626"]
[BlackElo "2582"]
[PlyCount "87"]
[EventDate "2006.??.??"]

1. d4 Nf6 2. Bf4 e6 3. e3 b6 4. Nd2 Bb7 5. h3 Be7 6. Ngf3 O-O 7. Bd3 c5 8. c3
d5 9. Ne5 Ne4 10. Qe2 f6 11. Nef3 Bd6 12. O-O Qc7 13. Bxd6 Qxd6 14. Rfd1 Nd7
15. Rac1 Rfd8 16. c4 Nxd2 17. Rxd2 cxd4 18. exd4 Rac8 19. b3 Nf8 20. Qe3 Qb4
21. Rdc2 dxc4 22. Rxc4 Rxc4 23. Rxc4 Qd6 24. Be4 Ba6 25. Ra4 b5 26. Ra5 Qb6 27.
b4 Bb7 28. Bxb7 Qxb7 29. Ne1 Qb6 30. a3 Rd7 31. Nd3 e5 32. Nc5 Rxd4 33. Qb3+
Rc4 34. a4 Qd6 35. axb5 Qd5 36. Kh2 Rxc5 37. Qxd5+ Rxd5 38. b6 Rxa5 39. bxa5 a6
40. f4 Nd7 41. fxe5 fxe5 42. Kg3 Kf7 43. Kf3 Ke6 44. b7 0-1

[Event "Elit(Rockaden-SodraSASS)"]
[Site "?"]
[Date "2006.??.??"]
[Round "6"]
[White "Welin, Thomas"]
[Black "Olsson, Anders"]
[Result "1-0"]
[WhiteElo "2382"]
[BlackElo "2504"]
[PlyCount "78"]
[EventDate "2006.??.??"]

1. c4 g6 2. e4 Bg7 3. d4 d6 4. Nc3 Nf6 5. Be2 O-O 6. Nf3 e5 7. O-O Nc6 8. d5
Ne7 9. b4 a5 10. bxa5 Ne8 11. Nd2 f5 12. Nb3 Kh8 13. a4 Ng8 14. exf5 gxf5 15.
f4 Nh6 16. Ra2 Nf6 17. c5 Nfg4 18. Nb5 Rg8 19. Rc2 exf4 20. Bxf4 Be5 21. h3
Bxf4 22. Rxf4 Ne5 23. Qd4 Rg7 24. Rf2 Nhf7 25. cxd6 cxd6 26. Rc7 Bd7 27. Rxb7
Qe7 28. Nc7 Rag8 29. Ne6 Rg3 30. Kf1 Ng5 31. Nbc5 Nxe6 32. dxe6 Qg5 33. Nxd7
Rxh3 34. Ke1 Rh1+ 35. Rf1 Qc1+ 36. Bd1 Rxf1+ 37. Kxf1 Rg4 38. e7 Rxd4 39. e8=Q+
Kg7 1-0

[Event "Elit(Rockaden-SodraSASS)"]
[Site "?"]
[Date "2006.??.??"]
[Round "6"]
[White "Hermansson, Emil"]
[Black "Lundvik, Jonas"]
[Result "0-1"]
[WhiteElo "2502"]
[BlackElo "2348"]
[PlyCount "180"]
[EventDate "2006.??.??"]

1. e4 c5 2. Nf3 Nf6 3. e5 Nd5 4. Nc3 Nc7 5. d4 cxd4 6. Qxd4 Nc6 7. Qe4 g6 8. h4
Bg7 9. h5 d5 10. exd6 Qxd6 11. Bf4 Qe6 12. Bd3 Bxc3+ 13. bxc3 Nd5 14. Bd2 Qxe4+
15. Bxe4 Nf6 16. Bxc6+ bxc6 17. hxg6 fxg6 18. Be3 O-O 19. Rb1 Be6 20. a3 Rab8
21. O-O a6 22. Bf4 Rxb1 23. Rxb1 Nd5 24. Be5 Bg4 25. Ne1 Rf5 26. Rb8+ Kf7 27.
Bh8 Be2 28. f3 Nf6 29. Kf2 Bc4 30. a4 Re5 31. Nd3 Bxd3 32. cxd3 Ra5 33. Rb4 Nd5
34. Rc4 c5 35. Be5 Nb6 36. Rh4 h5 37. Rf4+ Ke6 38. d4 Rxa4 39. Bc7 Nd5 40. Re4+
Kd7 41. Bf4 Nxc3 42. Re5 cxd4 43. Rg5 d3 44. Bd2 Nb1 45. Ke3 Ra2 46. Ba5 d2 47.
Ke2 Rc2 48. Rxg6 Rc1 49. Bxd2 Rc2 50. Kd1 Rxd2+ 51. Kc1 Rd6 52. Rg5 Nc3 53.
Rxh5 Ne2+ 54. Kc2 Rg6 55. Rd5+ Kc6 56. Re5 Rxg2 57. Rxe7 Nd4+ 58. Kc3 Nxf3 59.
Re3 Ng5 60. Kb4 Kb6 61. Ka3 Rg4 62. Re8 Ne4 63. Rb8+ Ka5 64. Rc8 Rg3+ 65. Kb2
Nd6 66. Rc6 Nb5 67. Rf6 Nd4 68. Rd6 Rd3 69. Rh6 Kb5 70. Rh8 a5 71. Rb8+ Kc4 72.
Rc8+ Kb4 73. Rb8+ Nb5 74. Kc2 Rc3+ 75. Kb2 Re3 76. Kc2 Re2+ 77. Kb1 a4 78. Ka1
Kc4 79. Kb1 Nc3+ 80. Kc1 Na2+ 81. Kb1 Nb4 82. Rh8 a3 83. Rh4+ Kb3 84. Rh3+ Ka4
85. Rh1 Rb2+ 86. Kc1 Rb3 87. Rh8 a2 88. Ra8+ Kb5 89. Kd2 Rb1 90. Rb8+ Kc6 0-1

[Event "Elit(Rockaden-SodraSASS)"]
[Site "?"]
[Date "2006.??.??"]
[Round "6"]
[White "Furhoff, Johan"]
[Black "Bator, Robert"]
[Result "1-0"]
[WhiteElo "2430"]
[BlackElo "2461"]
[PlyCount "69"]
[EventDate "2006.??.??"]

1. e4 c5 2. Nf3 Nc6 3. d4 cxd4 4. Nxd4 e5 5. Nb5 d6 6. c4 Be7 7. N1c3 a6 8. Na3
Be6 9. Nd5 Nf6 10. Bd3 O-O 11. O-O Bxd5 12. cxd5 Nd4 13. Be3 Nd7 14. b4 a5 15.
bxa5 Rxa5 16. Nc4 Ra8 17. a4 Nc5 18. Bxd4 exd4 19. a5 Qc7 20. Rc1 Bd8 21. f4
Qd7 22. Bc2 d3 23. Bxd3 Nxd3 24. Qxd3 Bxa5 25. e5 Bb4 26. Kh1 Ra6 27. Rb1 Bc5
28. Rfe1 b5 29. Nd2 Ra3 30. Qxb5 Qxb5 31. Rxb5 Rd3 32. Ne4 f5 33. Nxc5 Rxd5 34.
exd6 Rc8 35. d7 1-0

[Event "Elit(Rockaden-SodraSASS)"]
[Site "?"]
[Date "2006.??.??"]
[Round "6"]
[White "Barkhagen, Jonas"]
[Black "Ornstein, Axel"]
[Result "1-0"]
[WhiteElo "2542"]
[BlackElo "2417"]
[PlyCount "76"]
[EventDate "2006.??.??"]

1. d4 Nf6 2. c4 e6 3. Nf3 c5 4. d5 d6 5. Nc3 exd5 6. cxd5 g6 7. e4 a6 8. h3 b5
9. Bd3 Bg7 10. O-O O-O 11. Bf4 Nh5 12. Bg5 Bf6 13. Bh6 Bg7 14. Bg5 Bf6 15. Be3
Nd7 16. Be2 Bg7 17. Qc2 Ne5 18. Nd2 f5 19. f4 Nf7 20. Bxh5 gxh5 21. e5 dxe5 22.
Bxc5 Nd6 23. fxe5 Bxe5 24. Nf3 Qc7 25. b4 Bg7 26. Rae1 Bd7 27. Ng5 Rfe8 28. Ne6
Bxe6 29. dxe6 Qc6 30. e7 Nb7 31. Rxf5 Nxc5 32. bxc5 Ra7 33. Qb3+ Kh8 34. Qf7
Qg6 35. Nd5 Qxf7 36. Rxf7 Bd4+ 37. Kf1 Bxc5 38. Rc1 Bxe7 1-0

[Event "Elit(Rockaden-SodraSASS)"]
[Site "?"]
[Date "2006.??.??"]
[Round "6"]
[White "Werner, Lennart"]
[Black "Hedman, Erik"]
[Result "1/2-1/2"]
[WhiteElo "2161"]
[BlackElo "2429"]
[PlyCount "64"]
[EventDate "2006.??.??"]

1. e4 e6 2. d4 d5 3. Nc3 Bb4 4. Nge2 Ne7 5. a3 Ba5 6. e5 Nf5 7. Ng3 c5 8. Nxf5
exf5 9. Bd2 cxd4 10. Nb5 O-O 11. Bxa5 Qxa5+ 12. b4 Qb6 13. Qxd4 Qxd4 14. Nxd4
Nc6 15. Nxc6 bxc6 16. f4 a5 17. Rb1 axb4 18. axb4 g5 19. g3 f6 20. exf6 gxf4
21. gxf4 Re8+ 22. Kd2 Kf7 23. Bg2 Ra4 24. Rhe1 Rxe1 25. Kxe1 Ba6 26. Kd2 Kxf6
27. Kc3 Ra2 28. Re1 Bb5 29. Re5 Ba4 30. Re2 Bb5 31. Re5 Ba4 32. Re2 Bb5 1/2-1/2

[Event "Elit(Rockaden-SodraSASS)"]
[Site "?"]
[Date "2006.??.??"]
[Round "6"]
[White "Livner, Anders"]
[Black "Holmqvist, Gunnar"]
[Result "1/2-1/2"]
[WhiteElo "2407"]
[BlackElo "2249"]
[PlyCount "95"]
[EventDate "2006.??.??"]

1. d4 Nf6 2. c4 e6 3. Nc3 d5 4. cxd5 exd5 5. Bg5 Be7 6. e3 O-O 7. Bd3 Re8 8.
Qc2 h6 9. Bh4 c5 10. Nge2 Nc6 11. a3 cxd4 12. exd4 Be6 13. O-O Rc8 14. Rad1 a6
15. Qd2 Qd7 16. Bb1 Bf5 17. Na4 Ne4 18. Bxe4 Bxe4 19. Bxe7 Qxe7 20. Nac3 Qd6
21. Qf4 Qg6 22. Ng3 Bd3 23. Rfe1 Bc4 24. h3 Qg5 25. Rxe8+ Rxe8 26. Qxg5 hxg5
27. Nf5 Re6 28. Ne3 Bb3 29. Rd2 Ne7 30. Rd3 f6 31. Nb1 Bc4 32. Rd1 Bb3 33. Rc1
Rc6 34. Rc3 Rxc3 35. bxc3 Kf7 36. Kf1 Ke6 37. Ke2 Kd6 38. Kd2 Ba2 39. Kc1 Bb3
40. Nd2 Ba4 41. Kb2 b6 42. Nf3 Bd7 43. h4 gxh4 44. Nxh4 g5 45. Nf3 Nf5 46.
Nxf5+ Bxf5 47. Nh2 Bd3 48. Ng4 1/2-1/2

[Event "Elit(Sollentuna-Wasa)"]
[Site "?"]
[Date "2006.??.??"]
[Round "6"]
[White "Lyrberg, Patrik"]
[Black "Ivanov, Sergej"]
[Result "1/2-1/2"]
[WhiteElo "2558"]
[BlackElo "2630"]
[PlyCount "125"]
[EventDate "2006.??.??"]

1. d4 e6 2. c4 d5 3. Nc3 c6 4. Nf3 Nf6 5. e3 Nbd7 6. Bd3 dxc4 7. Bxc4 b5 8. Bd3
a6 9. e4 c5 10. e5 cxd4 11. Nxb5 axb5 12. exf6 gxf6 13. O-O Qb6 14. Be4 Bb7 15.
Bxb7 Qxb7 16. Nxd4 Rg8 17. Qf3 Qxf3 18. Nxf3 Rg4 19. b3 Re4 20. Be3 Bc5 21.
Bxc5 Nxc5 22. Rfc1 Nd3 23. Rc2 Nf4 24. Kf1 Nd5 25. a3 Kd7 26. Raa2 Kd6 27. g3
h6 28. Rd2 Kc5 29. Rd3 Kb6 30. Rdd2 f5 31. Nd4 f4 32. a4 bxa4 33. bxa4 Nc3 34.
Rab2+ Kc5 35. Nb3+ Kb4 36. Rdc2 Nxa4 37. Rb1 Nc3 38. Nd2+ Nxb1 39. Nxe4 f5 40.
Rb2+ Kc4 41. Nd6+ Kd5 42. Nb5 Ra1 43. Kg2 Na3 44. gxf4 Nxb5 45. Rxb5+ Ke4 46.
Rb4+ Kd5 47. f3 Rc1 48. Rb8 Kd4 49. Kf2 Rc2+ 50. Kg3 h5 51. h3 Ke3 52. Rb3+ Ke2
53. Ra3 Rd2 54. Kh4 Rd4 55. Kg5 Kf2 56. h4 Kg3 57. Kxh5 Kxf4 58. Kg6 Rd1 59. h5
Rg1+ 60. Kf6 Rh1 61. Kg6 Rg1+ 62. Kf6 Rh1 63. Kg6 1/2-1/2

[Event "Elit(Sollentuna-Wasa)"]
[Site "?"]
[Date "2006.??.??"]
[Round "6"]
[White "Agrest, Evgenij"]
[Black "Hellborg, Teodor"]
[Result "1-0"]
[WhiteElo "2684"]
[BlackElo "2389"]
[PlyCount "73"]
[EventDate "2006.??.??"]

1. e4 c5 2. Nf3 a6 3. c4 e6 4. Nc3 Qc7 5. Be2 Nc6 6. d4 cxd4 7. Nxd4 Ne5 8. O-O
Nxc4 9. Bxc4 Qxc4 10. Be3 Qb4 11. Na4 Nf6 12. a3 Qd6 13. e5 Qxe5 14. Nb6 Nd5
15. Nxa8 Qb8 16. Nb6 Nxb6 17. Nxe6 dxe6 18. Bxb6 Bd7 19. Qd4 Qd6 20. Rfd1 Qxd4
21. Rxd4 f6 22. Rad1 Bc6 23. Rd8+ Kf7 24. Bc5 Bd5 25. Re1 Rg8 26. Rd7+ Kg6 27.
Bxf8 Rxf8 28. Re3 Rc8 29. Rg3+ Kf5 30. h4 Rc1+ 31. Kh2 Rc4 32. Kh3 g6 33. Rxh7
Rc1 34. Kh2 Rc2 35. Rg7 Rxf2 36. R7xg6 Rxb2 37. h5 1-0

[Event "Elit(Sollentuna-Wasa)"]
[Site "?"]
[Date "2006.??.??"]
[Round "6"]
[White "von Bahr, Oskar"]
[Black "Berg, Emanuel"]
[Result "0-1"]
[WhiteElo "2366"]
[BlackElo "2618"]
[PlyCount "126"]
[EventDate "2006.??.??"]

1. e4 e6 2. d4 d5 3. Nc3 Bb4 4. e5 c5 5. a3 Bxc3+ 6. bxc3 Ne7 7. a4 Nbc6 8. Nf3
Qa5 9. Bd2 Bd7 10. Bb5 a6 11. Bxc6 Nxc6 12. O-O O-O 13. Re1 Qc7 14. dxc5 Na5
15. Rb1 Nc4 16. Bg5 Bxa4 17. Nd4 h6 18. Bf4 Qxc5 19. Qg4 Qe7 20. Bxh6 f5 21.
Qxg7+ Qxg7 22. Bxg7 Kxg7 23. Nxe6+ Kg6 24. Rxb7 Rf7 25. Nf4+ Kg7 26. Rxf7+ Kxf7
27. e6+ Ke7 28. Nxd5+ Kd6 29. Nf6 Rf8 30. Nh7 Re8 31. Ra1 Rxe6 32. Ng5 Re8 33.
Nf3 Bb5 34. Nd4 f4 35. g3 Kc5 36. Kg2 a5 37. Kf3 fxg3 38. hxg3 a4 39. g4 a3 40.
Kg3 Ra8 41. g5 a2 42. Nb3+ Kd5 43. Nc1 Nd2 44. Rxa2 Ne4+ 45. Kg2 Rf8 46. Nd3
Nxc3 47. Ra7 Kd4 48. g6 Rf6 49. g7 Rg6+ 50. Kh3 Nd5 51. Kh4 Nf6 52. Re7 Bxd3
53. cxd3 Kd5 54. f3 Kd6 55. Ra7 Ke5 56. Ra5+ Kf4 57. Ra4+ Kxf3 58. Ra6 Rg4+ 59.
Kh3 Nh5 60. Ra7 Nf4+ 61. Kh2 Rh4+ 62. Kg1 Ne2+ 63. Kf1 Rh1# 0-1

[Event "Elit(Sollentuna-Wasa)"]
[Site "?"]
[Date "2006.??.??"]
[Round "6"]
[White "Carlsson, Pontus"]
[Black "Astrom, Goran"]
[Result "1/2-1/2"]
[WhiteElo "2586"]
[BlackElo "2346"]
[PlyCount "51"]
[EventDate "2006.??.??"]

1. e4 c5 2. Nf3 e6 3. d4 cxd4 4. Nxd4 a6 5. Bd3 Bc5 6. Nb3 Be7 7. Qg4 g6 8. Qe2
d6 9. O-O Nd7 10. a4 Ne5 11. a5 Nf6 12. Nc3 Bd7 13. Bh6 Nfg4 14. Bd2 O-O 15. h3
Nf6 16. Bh6 Re8 17. f4 Nxd3 18. Qxd3 Bc6 19. f5 Nd7 20. fxe6 fxe6 21. Rad1 Ne5
22. Qg3 Bf8 23. Bg5 Be7 24. Bh6 Bf8 25. Bg5 Be7 26. Bh6 1/2-1/2

[Event "Elit(Sollentuna-Wasa)"]
[Site "?"]
[Date "2006.??.??"]
[Round "6"]
[White "Collett, Peter"]
[Black "Ernst, Thomas"]
[Result "1/2-1/2"]
[WhiteElo "2236"]
[BlackElo "2590"]
[PlyCount "131"]
[EventDate "2006.??.??"]

1. d4 Nf6 2. c4 g6 3. Nc3 d5 4. Bf4 Bg7 5. e3 O-O 6. Rc1 c5 7. dxc5 Be6 8. Nf3
Nc6 9. Be2 Qa5 10. Qa4 Qxc5 11. O-O dxc4 12. Ng5 Bd7 13. Qxc4 Qxc4 14. Bxc4 Nh5
15. Rfd1 Bf5 16. Bd5 Nxf4 17. exf4 Nd4 18. Rd2 Rab8 19. Rcd1 e6 20. Be4 Bxe4
21. Ngxe4 Rfd8 22. Kf1 Nc6 23. Rxd8+ Rxd8 24. Rxd8+ Nxd8 25. Nd1 e5 26. fxe5
Bxe5 27. h4 Kf8 28. Ke2 Ne6 29. g3 f5 30. f4 Bxf4 31. gxf4 fxe4 32. Ke3 Ng7 33.
Kxe4 Nf5 34. Ke5 Nxh4 35. Kf6 Ng2 36. f5 gxf5 37. Kxf5 Ke7 38. Ke5 Kd7 39. Kd5
Nf4+ 40. Ke4 Ng6 41. Kf5 Kc6 42. Kg5 Kc5 43. Kh6 Nf4 44. Kxh7 Nd3 45. Kg6 Nc1
46. Nc3 Kc4 47. Ne4 b5 48. Nd6+ Kc5 49. Ne4+ Kb4 50. a3+ Kb3 51. Nc3 a6 52. Nd5
Nd3 53. Nc7 Nc5 54. Kf5 Kxb2 55. Ke5 Kxa3 56. Kd5 b4 57. Kxc5 b3 58. Nd5 b2 59.
Nc3 Kb3 60. Kd4 Kc2 61. Kc4 a5 62. Nb5 Kb1 63. Nc3+ Kc1 64. Kb3 b1=Q+ 65. Nxb1
Kxb1 66. Ka4 1/2-1/2

[Event "Elit(Sollentuna-Wasa)"]
[Site "?"]
[Date "2006.??.??"]
[Round "6"]
[White "Couso, Luis"]
[Black "Soderberg, Per"]
[Result "1-0"]
[WhiteElo "2357"]
[BlackElo "2225"]
[PlyCount "77"]
[EventDate "2006.??.??"]

1. e4 c5 2. Nf3 d6 3. d4 cxd4 4. Nxd4 Nf6 5. Nc3 a6 6. Be3 e5 7. Nf3 Be7 8. Bc4
O-O 9. O-O Nc6 10. Bg5 b5 11. Bb3 Na5 12. Bxf6 Bxf6 13. Nd5 Nxb3 14. axb3 Bb7
15. c3 Bg5 16. Qd3 Bh6 17. Rfd1 g6 18. Ne3 f5 19. Qxd6 Qxd6 20. Rxd6 fxe4 21.
Nxe5 Bf4 22. Rb6 Bc8 23. Nc6 Bc7 24. Ne7+ Kf7 25. Nxc8 Bxb6 26. Nxb6 Ra7 27. c4
Rb8 28. c5 Ke6 29. Rd1 a5 30. Rd6+ Kf7 31. Nd7 Re8 32. c6 a4 33. Nc5 axb3 34.
Rd7+ Re7 35. h4 Ra1+ 36. Kh2 Rc1 37. Nd5 Rxc5 38. Rxe7+ Kf8 39. c7 1-0

[Event "Elit(Sollentuna-Wasa)"]
[Site "?"]
[Date "2006.??.??"]
[Round "6"]
[White "Berkell, Peder"]
[Black "Ong, Kezli"]
[Result "1-0"]
[WhiteElo "2204"]
[BlackElo "2366"]
[PlyCount "78"]
[EventDate "2006.??.??"]

1. g3 e5 2. Bg2 d5 3. d3 Nf6 4. Nd2 c6 5. e3 Bd6 6. Ne2 O-O 7. b3 Qe7 8. Bb2
Nbd7 9. O-O Rd8 10. a3 h5 11. e4 dxe4 12. Nxe4 Nxe4 13. Bxe4 Nf6 14. Bg2 h4 15.
Nc3 Bc5 16. Na4 Bd6 17. Nc3 Ng4 18. Ne4 hxg3 19. hxg3 Bc7 20. Qd2 f5 21. Qg5
Qf7 22. Bf3 fxe4 23. Bxg4 Bxg4 24. Qxg4 exd3 25. cxd3 Qxb3 26. Rab1 Qf7 27. d4
exd4 28. Bxd4 Bd6 29. Rb3 Bf8 30. Rf3 Qd7 31. Qg6 Re8 32. Rd1 Re6 33. Qh5 Rae8
34. Kg2 Rd6 35. Rf4 Rh6 36. Be3 Rxh5 37. Rxd7 Ra5 38. Bd4 Ra4 39. Rxb7 c5 1-0

[Event "Elit(Sollentuna-Wasa)"]
[Site "?"]
[Date "2006.??.??"]
[Round "6"]
[White "Bergstrom, Peter"]
[Black "Hallerod, Ralph"]
[Result "1-0"]
[WhiteElo "2364"]
[BlackElo "2149"]
[PlyCount "67"]
[EventDate "2006.??.??"]

1. e4 e5 2. Nf3 Nc6 3. d4 exd4 4. Nxd4 Qf6 5. Be3 Bc5 6. c3 Nge7 7. g3 d5 8.
Bg2 Nxd4 9. cxd4 Bb4+ 10. Nc3 Bxc3+ 11. bxc3 dxe4 12. Bxe4 Bh3 13. Rb1 Qe6 14.
Bxb7 Rd8 15. Rb5 O-O 16. Re5 Qd7 17. Be4 f5 18. Bf3 Rb8 19. Bc1 Ng6 20. Rc5
Rfe8+ 21. Kd2 Re7 22. Re1 Rxe1 23. Qxe1 f4 24. Qe4 Be6 25. Qc6 Qf7 26. Qxc7 Qf8
27. g4 Bxa2 28. Qxa7 Bb1 29. Bd5+ Kh8 30. Qf7 Ne7 31. Qxf8+ Rxf8 32. Be6 f3 33.
Rb5 Be4 34. Ba3 1-0

[Event "Elit(Manhem-Linkoping)"]
[Site "?"]
[Date "2006.??.??"]
[Round "7"]
[White "Cramling, Pia"]
[Black "Landgren, Philip"]
[Result "1-0"]
[WhiteElo "2583"]
[BlackElo "2336"]
[PlyCount "105"]
[EventDate "2006.??.??"]

1. d4 Nf6 2. Nf3 e6 3. c4 b6 4. g3 Bb7 5. Bg2 Be7 6. O-O O-O 7. Re1 d5 8. cxd5
exd5 9. Nc3 Nbd7 10. Bf4 c5 11. dxc5 bxc5 12. Nh4 Nb6 13. Nf5 Re8 14. Nb5 Qd7
15. Nbd6 Bxd6 16. Nxd6 Red8 17. Nxb7 Qxb7 18. Qc2 Rac8 19. Bg5 Qc6 20. e4 h6
21. exd5 Nbxd5 22. Bd2 Qb6 23. a3 c4 24. Rad1 Qc5 25. Rc1 Qd4 26. Ba5 Rd6 27.
Red1 Qe5 28. Re1 Qd4 29. Re2 Qc5 30. Be1 Qd4 31. Rd1 Qc5 32. Re5 Re6 33. Bb4
Rxe5 34. Bxc5 Rxc5 35. Qa4 c3 36. Bxd5 Nxd5 37. bxc3 Nxc3 38. Rd8+ Kh7 39. Qxa7
Rf5 40. Qa8 Ne2+ 41. Kg2 Rce5 42. Rh8+ Kg6 43. Re8 Nd4 44. Rxe5 Rxe5 45. Qa6+
Ne6 46. Qd3+ f5 47. a4 Ra5 48. Qb3 Kf7 49. Qb7+ Kf6 50. Qb4 Ra8 51. Qb2+ Kg6
52. Qb6 Kf6 53. a5 1-0

[Event "Elit(Manhem-Linkoping)"]
[Site "?"]
[Date "2006.??.??"]
[Round "7"]
[White "Akesson, Joel"]
[Black "Bellon Lopez, Juan"]
[Result "1/2-1/2"]
[WhiteElo "2369"]
[BlackElo "2510"]
[PlyCount "103"]
[EventDate "2006.??.??"]

1. d4 Nf6 2. Nf3 c5 3. d5 b5 4. Bg5 Ne4 5. Bh4 Bb7 6. a4 Qa5+ 7. Nbd2 Bxd5 8.
axb5 Qc7 9. Ra4 Qb7 10. e3 a6 11. Nxe4 Bxe4 12. Bd3 Bxd3 13. Qxd3 axb5 14. Rxa8
Qxa8 15. Qxb5 Nc6 16. O-O e6 17. Rd1 Qb8 18. Qxb8+ Nxb8 19. Bg3 Nc6 20. Ra1 f6
21. Ra8+ Kf7 22. Nd2 Rg8 23. Ne4 Be7 24. Rxg8 Kxg8 25. Bd6 Bxd6 26. Nxd6 Nb4
27. Nb7 c4 28. Nd6 c3 29. bxc3 Nxc2 30. Kf1 Na3 31. Ke2 Kf8 32. c4 Ke7 33. c5
Nc2 34. Kd2 Nb4 35. Kc3 Nc6 36. h3 h5 37. g3 Ne5 38. f4 Nc6 39. h4 g6 40. Ne4
e5 41. fxe5 Nxe5 42. Nd2 Ke6 43. e4 g5 44. Kd4 Nc6+ 45. Ke3 Na5 46. Nf3 Nc4+
47. Kd4 g4 48. Ne1 Nd2 49. Nd3 Nb3+ 50. Kc4 Nd2+ 51. Kd4 Nb3+ 52. Kc4 1/2-1/2

[Event "Elit(Manhem-Linkoping)"]
[Site "?"]
[Date "2006.??.??"]
[Round "7"]
[White "Malesevic, Nedeljko"]
[Black "Carlhammar, Magnus"]
[Result "0-1"]
[WhiteElo "2341"]
[BlackElo "2326"]
[PlyCount "80"]
[EventDate "2006.??.??"]

1. d4 Nf6 2. c4 g6 3. Nc3 d5 4. Nf3 Bg7 5. Qb3 dxc4 6. Qxc4 O-O 7. e4 a6 8. e5
b5 9. Qb3 Nfd7 10. Be3 c5 11. e6 cxd4 12. exf7+ Rxf7 13. Bxd4 Bxd4 14. Nxd4 Qb6
15. O-O-O Nc5 16. Qb4 Nbd7 17. Nf3 Bb7 18. Ng5 Rf5 19. h4 Raf8 20. f3 Rf4 21.
Nce4 Nxe4 22. Qb3+ Kh8 23. fxe4 Nf6 24. Bd3 Qe3+ 25. Kb1 Nxe4 26. Ka1 Nc5 27.
Qc2 Nxd3 28. Rxd3 Rf1+ 29. Rd1 Rxh1 30. Rxh1 Rc8 31. Qd1 Bxg2 32. Re1 Qf4 33.
Ne6 Qxh4 34. Qd2 Bd5 35. Nf4 Bg8 36. a3 Qf6 37. Rh1 e5 38. Qd7 Rf8 39. Nd3 Qf1+
40. Nc1 Qxh1 0-1

[Event "Elit(Manhem-Linkoping)"]
[Site "?"]
[Date "2006.??.??"]
[Round "7"]
[White "Andersson, Bjorn"]
[Black "Olsson, Conny"]
[Result "1/2-1/2"]
[WhiteElo "2310"]
[BlackElo "2247"]
[PlyCount "31"]
[EventDate "2006.??.??"]

1. e4 a6 2. d4 b5 3. Nf3 Bb7 4. Bd3 Nf6 5. Qe2 e6 6. a4 b4 7. Nbd2 c5 8. c3 d5
9. O-O Nc6 10. dxc5 bxc3 11. bxc3 Bxc5 12. Rb1 Qc7 13. Nb3 Be7 14. e5 Nd7 15.
Bf4 h6 16. Rfe1 1/2-1/2

[Event "Elit(Manhem-Linkoping)"]
[Site "?"]
[Date "2006.??.??"]
[Round "7"]
[White "Rosberg, Simon"]
[Black "Schneider, Lars-Ake"]
[Result "1-0"]
[WhiteElo "2147"]
[BlackElo "2356"]
[PlyCount "79"]
[EventDate "2006.??.??"]

1. d4 Nf6 2. Nf3 e6 3. g3 b6 4. Bg2 Bb7 5. O-O Be7 6. c4 O-O 7. Nc3 d5 8. cxd5
exd5 9. Bg5 Na6 10. e3 Ne4 11. Bxe7 Qxe7 12. Rc1 c5 13. Qa4 Nb4 14. dxc5 bxc5
15. Rfd1 a5 16. Nxe4 dxe4 17. Ne1 Rfb8 18. Qb5 Nxa2 19. Qxc5 Qf6 20. Ra1 Qxb2
21. Rdb1 Qc3 22. Qe7 Bd5 23. Rxb8+ Rxb8 24. Qd6 Re8 25. Rd1 Nb4 26. h4 h6 27.
Kh2 Bb3 28. Qd7 Qc6 29. Qxc6 Nxc6 30. Rd6 Ne5 31. Kg1 Rc8 32. Bxe4 f5 33. Bd5+
Bxd5 34. Rxd5 Nc4 35. Rxf5 a4 36. Nd3 a3 37. Nb4 Ra8 38. Rc5 Nd2 39. Rc2 Ra4
40. Na2 1-0

[Event "Elit(Manhem-Linkoping)"]
[Site "?"]
[Date "2006.??.??"]
[Round "7"]
[White "Sagit, Rauan"]
[Black "Fransson, Jorgen"]
[Result "1-0"]
[WhiteElo "2328"]
[BlackElo "2115"]
[PlyCount "47"]
[EventDate "2006.??.??"]

1. e4 c5 2. Nf3 g6 3. Bc4 Bg7 4. O-O d6 5. d4 cxd4 6. Nxd4 Nf6 7. Nc3 O-O 8.
Bg5 Nxe4 9. Nxe4 d5 10. Nb5 a6 11. Bxd5 axb5 12. c3 b4 13. cxb4 h6 14. Bf4 Nc6
15. a3 Nxb4 16. Bc4 Bf5 17. Nd6 Nd3 18. Bxd3 Bxd3 19. Qxd3 exd6 20. Rad1 Qb6
21. Rd2 Rfd8 22. Qg3 Ra6 23. Rfd1 Bxb2 24. Rb1 1-0

[Event "Elit(Manhem-Linkoping)"]
[Site "?"]
[Date "2006.??.??"]
[Round "7"]
[White "Klashed, Martin"]
[Black "Nithander, Victor"]
[Result "0-1"]
[WhiteElo "2106"]
[BlackElo "2375"]
[PlyCount "62"]
[EventDate "2006.??.??"]

1. e4 c5 2. Nf3 d6 3. d4 cxd4 4. Nxd4 Nf6 5. Nc3 g6 6. Be3 Bg7 7. f3 Nc6 8. Qd2
O-O 9. O-O-O d5 10. Qe1 e5 11. Nxc6 bxc6 12. exd5 Nxd5 13. Bc4 Be6 14. h4 h6
15. h5 g5 16. Bc5 Re8 17. g4 Qf6 18. Nxd5 Bxd5 19. Rxd5 cxd5 20. Bxd5 e4 21. c3
Rac8 22. Bxa7 exf3 23. Qf2 Rxc3+ 24. bxc3 Qxc3+ 25. Qc2 Qa3+ 26. Kb1 Qxa7 27.
Rd1 f2 28. Bb3 Kf8 29. Qd2 Bd4 30. Qd3 Re1 31. Bc4 Qb6+ 0-1